Countries by number of bicycles Quiz Stats

Quiz not verified by Sporcle

Also try: Big Geography
Challenge
Share
Tweet
Embed
Score 0/24 Timer 06:00
0 Plays Today
Continent Country % Correct
AsiaChina
99.6%
North AmericaUnited States
99.6%
EuropeFrance
97.6%
North AmericaCanada
97.6%
AsiaJapan
96.8%
South AmericaBrazil
96.8%
EuropeItaly
96.8%
EuropeSpain
96.8%
EuropeGermany
96.4%
EuropeNetherlands
95.6%
AsiaIndia
95.2%
OceaniaAustralia
95.2%
Continent Country % Correct
EuropeUnited Kingdom
93.7%
EuropeSweden
93.7%
North AmericaMexico
92.9%
EuropeFinland
92.5%
EuropeBelgium
92.1%
EuropeDenmark
91.7%
EuropeNorway
91.3%
AsiaIndonesia
87.7%
EuropeSwitzerland
85.7%
AsiaSouth Korea
83.7%
EuropeRomania
75.4%
EuropeHungary
73%

You're not logged in!

Compare scores with friends on all Sporcle quizzes.
Sign Up with Email
OR
Log In

You Might Also Like...

Show Comments

Extras

Top Quizzes Today


Score Distribution

Your Account Isn't Verified!

In order to create a playlist on Sporcle, you need to verify the email address you used during registration. Go to your Sporcle Settings to finish the process.